[Event "OHRA"]
[Site "Amsterdam"]
[Date "1986.??.??"]
[Round "?"]
[White "Hellers, Ferdinand"]
[Black "Ribli, Zoltan"]
[Result "1/2-1/2"]
[WhiteElo "2440"]
[BlackElo "2585"]

1.e4 c5 2.Nf3 d6 3.d4 cxd4 4.Nxd4 Nf6 5.Nc3 a6 6.Bg5 e6 7.f4 Qb6 8.Bxf6 gxf6
9.Be2 Qxb2 10.Na4 Qb4+ 11.c3 Qa5 12.O-O Bd7 13.Nb2 Nc6 14.Nc4 Qc7 15.f5 Ne5
16.Qb3 b5  1/2-1/2

[Event "Dubai ol (Men)"]
[Site "Dubai"]
[Date "1986.??.??"]
[Round "2"]
[White "Ribli, Zoltan"]
[Black "Wittmann, Walter"]
[Result "1-0"]
[WhiteElo "2585"]
[BlackElo "2415"]

1.Nf3 Nc6 2.d4 d5 3.c4 Bg4 4.Nc3 Nf6 5.cxd5 Nxd5 6.e4 Bxf3 7.gxf3 Nxc3 8.bxc3 e5
9.Rb1 Bd6 10.d5 Nb8 11.Rg1 g6 12.Rxb7 Nd7 13.Bg5 f6 14.Bh6 Ke7 15.h4 Nc5
16.Rb5 a6 17.Rb1 Qd7 18.Bc4 Rab8 19.Ke2 Qa4 20.Qxa4 Nxa4 21.Bd2 Ra8 22.Kd3 Rhb8
23.Kc2 Rb6 24.Be3 Nc5 25.Rb4 Rab8 26.Rgb1 Kd8 27.Bf1 Ke7 28.Bh3 a5 29.Rxb6 cxb6
30.h5 g5 31.h6 Kf8 32.Kd2 Rb7 33.Bc8 Rb8 34.Bf5 Rb7 35.Bxh7 Rxh7 36.Rxb6 Nb7
37.c4 Bb4+ 38.Ke2 Rf7 39.Rc6 Kg8 40.c5 Kh7 41.Kd3 Kxh6 42.Kc4 Kh5 43.d6 g4
44.Rc7 Nd8 45.Kd5 gxf3 46.c6 Kg6 47.Rxf7 Nxf7 48.Bc5  1-0

[Event "Bundesliga 8586"]
[Site "Germany"]
[Date "1986.??.??"]
[Round "?"]
[White "Miles, Anthony J"]
[Black "Ribli, Zoltan"]
[Result "1/2-1/2"]
[WhiteElo "2560"]
[BlackElo "2605"]

1.d4 d5 2.c4 e6 3.Nc3 c6 4.Bf4 dxc4 5.e3 b5 6.a4 Nf6 7.axb5 cxb5 8.Nxb5 Bb4+
9.Nc3 Nd5 10.Ne2 Nc6 11.Bg3 O-O 12.Qc2 f5 13.Rd1 Qa5 14.Rc1 Ba6 15.Nf4  1/2-1/2

[Event "London"]
[Site "London"]
[Date "1986.??.??"]
[Round "2"]
[White "Vaganian, Rafael A"]
[Black "Ribli, Zoltan"]
[Result "1/2-1/2"]
[WhiteElo "2645"]
[BlackElo "2585"]

1.Nf3 Nf6 2.d4 d5 3.c4 c6 4.Nc3 e6 5.Bg5 dxc4 6.e4 b5 7.a4 Bb7 8.Be2 b4 9.Na2 c5
10.Bxc4 Be7 11.dxc5 Qxd1+ 12.Rxd1 Nxe4 13.Bb5+ Kf8  1/2-1/2

[Event "London"]
[Site "London"]
[Date "1986.??.??"]
[Round "3"]
[White "Ribli, Zoltan"]
[Black "Mestel, A Jonathan"]
[Result "1-0"]
[WhiteElo "2585"]
[BlackElo "2525"]

1.d4 d6 2.Nf3 g6 3.c4 f5 4.Nc3 Nf6 5.g3 Bg7 6.Bg2 O-O 7.O-O c6 8.d5 Bd7 9.Rb1 Na6
10.b3 Nc5 11.Bb2 a5 12.Qd2 Qb6 13.Nd4 Rad8 14.Rfd1 Rfe8 15.e3 e5 16.dxe6 Bxe6
17.Nxe6 Rxe6 18.Na4 Nxa4 19.bxa4 Qa6 20.Bd4 Ne4 21.Bxe4 Rxe4 22.Bxg7 Kxg7
23.c5 Rd7 24.cxd6 Rxa4 25.Qc3+ Kh6 26.Qf6 Qe2 27.Qe6 Rxa2 28.Rf1 Rg7 29.Rbe1  1-0

[Event "London"]
[Site "London"]
[Date "1986.??.??"]
[Round "4"]
[White "Flear, Glenn C"]
[Black "Ribli, Zoltan"]
[Result "1/2-1/2"]
[WhiteElo "2485"]
[BlackElo "2585"]

1.d4 Nf6 2.c4 e6 3.g3 Bb4+ 4.Bd2 Be7 5.Bg2 d5 6.Nf3 O-O 7.O-O c6 8.Qc2 b6
9.Bf4 Bb7 10.Nbd2 Nh5  1/2-1/2

[Event "London"]
[Site "London"]
[Date "1986.??.??"]
[Round "5"]
[White "Ribli, Zoltan"]
[Black "Spassky, Boris V"]
[Result "1/2-1/2"]
[WhiteElo "2585"]
[BlackElo "2610"]

1.d4 Nf6 2.c4 g6 3.Nc3 Bg7 4.e4 d6 5.Nf3 O-O 6.Be2 Bg4 7.Be3 Nc6 8.O-O Re8
9.d5 Bxf3 10.Bxf3 Ne5 11.Be2 c6 12.Rc1 e6 13.h3 Qe7 14.Qd2 exd5 15.exd5 cxd5
16.Nxd5 Nxd5 17.cxd5 a6 18.Rc2 Rac8 19.Rfc1 Rxc2 20.Rxc2 f5 21.Qc1 Qf7 22.Rc8 Bf6
23.Qc7 Rxc8 24.Qxc8+ Kg7 25.f4 Qd7 26.Qc2 Nf7 27.b4 h5 28.a4 h4 29.b5 Qe7
30.Kf2 axb5 31.Bxb5 Qd8 32.Ke2 Nh6 33.Bd3 Ng8 34.Qb3 Qe7 35.Kd2 Kf7 36.a5 Bg7
37.Qc4 Nf6 38.Bf2 Nh5  1/2-1/2

[Event "London"]
[Site "London"]
[Date "1986.??.??"]
[Round "9"]
[White "Ribli, Zoltan"]
[Black "Short, Nigel D"]
[Result "1/2-1/2"]
[WhiteElo "2585"]
[BlackElo "2585"]

1.Nf3 d5 2.d4 Nf6 3.c4 e6 4.Nc3 Be7 5.Bg5 O-O 6.e3 h6 7.Bh4 b6 8.Be2 Bb7
9.Bxf6 Bxf6 10.cxd5 exd5 11.b4 c5 12.bxc5 bxc5 13.Rb1 Bc6 14.O-O Nd7 15.Bb5 Qc7
16.Qc2 Rab8 17.dxc5 Bxc3 18.Bxc6 Qxc6 19.Qxc3 Qxc5 20.Qd3 Rxb1 21.Rxb1 Rc8
22.Nd4 g6 23.g3 Nf6 24.Qa6 Ne4 25.Kg2 Nd6 26.Rb3 Kg7 27.Qa4 Kg8 28.Rb4 h5
29.Qb3 Nc4 30.Rb8 Nb6 31.Rxc8+ Qxc8 32.Qa3 Qd7 33.Qc5 h4 34.Qc6 Qe7 35.gxh4 Qxh4
36.Qe8+ Kg7 37.Qe5+  1/2-1/2

[Event "London"]
[Site "London"]
[Date "1986.??.??"]
[Round "12"]
[White "Dlugy, Maxim"]
[Black "Ribli, Zoltan"]
[Result "1/2-1/2"]
[WhiteElo "2545"]
[BlackElo "2585"]

1.d4 Nf6 2.c4 e6 3.Nf3 b6 4.g3 Bb7 5.Bg2 Be7 6.O-O O-O 7.Nc3 Ne4 8.Qc2 Nxc3
9.Qxc3 c5 10.b3 d6 11.Bb2 Bf6 12.Rad1 Qe7 13.Qd2 Nd7 14.dxc5 Bxb2 15.c6 Bxc6
16.Qxb2  1/2-1/2

[Event "London"]
[Site "London"]
[Date "1986.??.??"]
[Round "13"]
[White "Ribli, Zoltan"]
[Black "Portisch, Lajos"]
[Result "1/2-1/2"]
[WhiteElo "2585"]
[BlackElo "2610"]

1.d4 Nf6 2.c4 e6 3.Nf3 b6 4.g3 Bb7 5.Bg2 Be7 6.O-O O-O 7.Nc3 Ne4 8.Nxe4 Bxe4
9.Nh4 Bxg2 10.Nxg2 d5 11.Qa4 dxc4 12.Qxc4 c5 13.Be3 cxd4 14.Bxd4  1/2-1/2

[Event "Bundesliga 8687"]
[Site "Germany"]
[Date "1987.??.??"]
[Round "?"]
[White "Miles, Anthony J"]
[Black "Ribli, Zoltan"]
[Result "1/2-1/2"]
[WhiteElo "2565"]
[BlackElo "2580"]

1.d4 Nf6 2.c4 e6 3.Nc3 Bb4 4.e3 O-O 5.Bd3 c5 6.Ne2 d5 7.cxd5 cxd4 8.exd4 Nxd5
9.O-O Nc6 10.a3 Bd6 11.Ne4 Re8 12.Bc2 Be7 13.Qd3 g6 14.Rd1 b6 15.Bh6  1/2-1/2

[Event "Reggio Emilia8788"]
[Site "Reggio Emilia"]
[Date "1987.??.??"]
[Round "?"]
[White "Ribli, Zoltan"]
[Black "Vaganian, Rafael A"]
[Result "1/2-1/2"]
[WhiteElo "2595"]
[BlackElo "2595"]

1.Nf3 Nf6 2.c4 b6 3.d4 Bb7 4.g3 e6 5.Bg2 Be7 6.O-O O-O 7.Nc3 Ne4 8.Qc2 Nxc3
9.Qxc3 c5 10.Rd1 Bf6 11.Qd3 Nc6 12.Be3 cxd4 13.Bxd4 Nxd4 14.Nxd4 Bxg2  1/2-1/2

[Event "Reggio Emilia8788"]
[Site "Reggio Emilia"]
[Date "1987.??.??"]
[Round "?"]
[White "Ribli, Zoltan"]
[Black "Beliavsky, Alexander G"]
[Result "1/2-1/2"]
[WhiteElo "2595"]
[BlackElo "2630"]

1.c4 e6 2.Nc3 d5 3.d4 Be7 4.Nf3 Nf6 5.Bg5 h6 6.Bxf6 Bxf6 7.e3 O-O 8.Qc2 Na6
9.a3 dxc4 10.Bxc4 c5 11.O-O cxd4 12.exd4 Bd7 13.Rad1 Qc7 14.Qe2 Bc6 15.d5 exd5
16.Nxd5 Bxd5 17.Bxd5 Qb6 18.b3 Nc5 19.Qc4 Rac8 20.Rfe1 Rc7 21.g3 Ne6 22.Qe4 Re7
23.Qg4 Rfe8 24.a4  1/2-1/2

[Event "World Cup"]
[Site "Belfort"]
[Date "1988.??.??"]
[Round "?"]
[White "Nogueiras, Jesus"]
[Black "Ribli, Zoltan"]
[Result "1/2-1/2"]
[WhiteElo "2560"]
[BlackElo "2620"]

1.d4 Nf6 2.c4 e6 3.Nf3 b6 4.g3 Bb7 5.Bg2 Be7 6.O-O O-O 7.Nc3 Ne4 8.Nxe4 Bxe4
9.Ne1 Bxg2 10.Nxg2 d5 11.Qa4 dxc4 12.Qxc4 c5 13.dxc5 Bxc5 14.Be3 Nd7 15.Rfd1  1/2-1/2

[Event "Munich"]
[Site "Munich"]
[Date "1988.??.??"]
[Round "?"]
[White "Ribli, Zoltan"]
[Black "Kindermann, Stefan"]
[Result "1/2-1/2"]
[WhiteElo "2620"]
[BlackElo "2500"]

1.Nf3 Nf6 2.c4 e6 3.g3 a6 4.Bg2 b5 5.b3 c5 6.Nc3 Qb6 7.O-O Bb7 8.e3 Be7 9.d4 Ne4
10.Bb2 O-O 11.dxc5 Bxc5 12.Qc2 Nxc3 13.Qxc3 f6 14.Rac1 b4 15.Qd3 Rd8 16.h4 Nc6
17.h5 Bf8 18.h6 Ne7 19.c5 Qc7 20.hxg7 Bxg7 21.Rc4 a5 22.Rg4 Rf8 23.Rc1 Rad8
24.Rh4 Ng6 25.Rh5 Rf7 26.Nh4 f5 27.Bxg7 Rxg7 28.Bxb7 Qxb7 29.Nxg6 hxg6 30.Rh1 Rc8
31.Rc4 Qd5 32.Qxd5 exd5 33.Rc2 Rc6 34.Rh4 Kf7 35.a3 bxa3 36.Ra4 Rg8 37.Rxa3 Rb8
38.Rxa5 Rxb3 39.Ra7 Ke6 40.Ra8 Rb5 41.Rg8 Kf7 42.Rd8 Ke7 43.Rg8 Kf7 44.Rd8 Ke7
45.Rg8  1/2-1/2

[Event "Munich"]
[Site "Munich"]
[Date "1988.??.??"]
[Round "?"]
[White "Hjartarson, Johann"]
[Black "Ribli, Zoltan"]
[Result "1/2-1/2"]
[WhiteElo "2590"]
[BlackElo "2620"]

1.c4 Nf6 2.Nc3 e6 3.Nf3 d5 4.d4 c6 5.cxd5 exd5 6.Bg5 Bf5 7.e3 Nbd7 8.Bd3 Bxd3
9.Qxd3 Bd6 10.O-O O-O  1/2-1/2

[Event "Thessaloniki ol (Men)"]
[Site "Thessaloniki"]
[Date "1988.??.??"]
[Round "2"]
[White "Dedes, Nikolaos"]
[Black "Ribli, Zoltan"]
[Result "0-1"]
[WhiteElo "2305"]
[BlackElo "2630"]

1.g3 Nf6 2.Bg2 d5 3.b3 e5 4.Bb2 Bd6 5.d3 O-O 6.e3 c5 7.c4 d4 8.e4 Nc6 9.Nf3 a6
10.a3 Rb8 11.O-O Bg4 12.Kh1 g6 13.Ng1 Nh5 14.Bc1 f6 15.Qe1 Qc7 16.Bh6 Rf7
17.Ne2 b5 18.cxb5 axb5 19.Nd2 Qc8 20.Ng1 Be6 21.f4 exf4 22.gxf4 Na5 23.e5 fxe5
24.Ne4 Nb7 25.Ng5 Rf5 26.Nxe6 Qxe6 27.a4 Qxb3 28.axb5 Qxd3 29.Bd5+ Kh8 30.Rf3 Qxb5
31.Rb1 Qd7 32.Rfb3 Bf8 33.Be4 Bxh6 34.Rxb7 Rxb7 35.Rxb7 Qc8 36.Qb1 Rf6 37.Bxg6 hxg6
38.Qxg6 Qxb7+  0-1

[Event "Thessaloniki ol (Men)"]
[Site "Thessaloniki"]
[Date "1988.??.??"]
[Round "5"]
[White "Donchev, Dimitar I"]
[Black "Ribli, Zoltan"]
[Result "1/2-1/2"]
[WhiteElo "2495"]
[BlackElo "2630"]

1.e4 c5 2.Nf3 d6 3.d4 cxd4 4.Nxd4 Nf6 5.Nc3 a6 6.a4 Nc6 7.Bc4 e6 8.O-O Be7
9.Be3 O-O 10.Ba2 Bd7 11.Qe2 Rc8 12.f4 Qa5 13.Nb3 Qc7 14.Nd4 Qa5 15.Nb3 Qc7
16.Nd4  1/2-1/2

[Event "Thessaloniki ol (Men)"]
[Site "Thessaloniki"]
[Date "1988.??.??"]
[Round "6"]
[White "Andersson, Ulf"]
[Black "Ribli, Zoltan"]
[Result "1/2-1/2"]
[WhiteElo "2625"]
[BlackElo "2630"]

1.d4 Nf6 2.Nf3 e6 3.g3 c5 4.Bg2 cxd4 5.Nxd4 a6 6.O-O Qc7 7.Nb3 Be7 8.Bf4 d6
9.c4 Nbd7 10.Na3 Nh5 11.Be3 Rb8 12.Ba7 Ra8 13.Bd4 O-O 14.Rc1 Rb8 15.Ba7 Ra8
16.Be3 Rb8 17.Nd4 Rd8 18.Qc2 Ne5 19.Nf3 Nxf3+ 20.Bxf3 Nf6 21.Ba7 Ra8 22.Be3 Rb8
23.Ba7 Ra8 24.Be3  1/2-1/2

[Event "Thessaloniki ol (Men)"]
[Site "Thessaloniki"]
[Date "1988.??.??"]
[Round "7"]
[White "Ribli, Zoltan"]
[Black "Gunawan, Ronny"]
[Result "1/2-1/2"]
[WhiteElo "2630"]
[BlackElo "2440"]

1.c4 Nf6 2.Nc3 g6 3.g3 Bg7 4.Bg2 d6 5.e4 O-O 6.Nge2 c5 7.O-O Nc6 8.d3 a6
9.h3 Rb8 10.a4 Ne8 11.Be3 Nc7 12.d4 cxd4 13.Nxd4 Ne6 14.Nde2 Na5 15.b3 Bd7
16.Rb1 b5 17.axb5 axb5 18.Qd3 bxc4 19.bxc4 Rb3 20.Rxb3 Nxb3 21.Rb1 Nec5 22.Qc2 Na5
23.Qa2 Nc6 24.Nd5 e6 25.Nb6 Qc7 26.Nxd7 Nxd7 27.Qa6  1/2-1/2

[Event "Thessaloniki ol (Men)"]
[Site "Thessaloniki"]
[Date "1988.??.??"]
[Round "10"]
[White "Karpov, Anatoly"]
[Black "Ribli, Zoltan"]
[Result "1/2-1/2"]
[WhiteElo "2725"]
[BlackElo "2630"]

1.d4 d5 2.c4 c6 3.Nf3 Nf6 4.Nc3 e6 5.Bg5 dxc4 6.e4 b5 7.e5 h6 8.Bh4 g5 9.Nxg5 hxg5
10.Bxg5 Nbd7 11.exf6 Bb7 12.g3 c5 13.d5 Bh6 14.Bxh6 Rxh6 15.Qd2 Rxf6 16.Bg2 Ne5
17.O-O Nf3+ 18.Bxf3 Rxf3 19.Qe2 Bxd5 20.Rfd1 Rd3 21.Rxd3 cxd3 22.Qxd3 Bc6
23.Qe2 b4 24.Rd1 Qc7 25.Ne4 Rd8 26.Rc1 Bxe4 27.Qxe4 Rd5 28.h4 Qd6 29.Kg2 Kf8
30.Qe3 a5 31.b3 Re5 32.Qf3 Rf5 33.Qe2 Re5 34.Qc4 a4 35.bxa4 Qc6+ 36.Kh3 Qxa4
37.Qf4 Rd5 38.Rxc5 Rxc5 39.Qd6+  1/2-1/2

[Event "Thessaloniki ol (Men)"]
[Site "Thessaloniki"]
[Date "1988.??.??"]
[Round "13"]
[White "Ribli, Zoltan"]
[Black "Ye Jiangchuan"]
[Result "1/2-1/2"]
[WhiteElo "2630"]
[BlackElo "2505"]

1.c4 Nf6 2.Nc3 g6 3.g3 Bg7 4.Bg2 O-O 5.e4 c5 6.Nge2 Nc6 7.O-O d6 8.d3 Ne8
9.Be3 Nd4 10.h3 Nc7 11.f4 Rb8 12.a4 a6 13.a5 b5 14.axb6 Rxb6 15.Na4 Nxe2+
16.Qxe2 Rb8 17.f5 Bd7 18.Nc3 Rb4 19.Rf2 Qb8 20.Raf1 Be5 21.Kh2 f6 22.Bc1 Kh8
23.fxg6 Rg8 24.Bf4  1/2-1/2

[Event "Thessaloniki ol (Men)"]
[Site "Thessaloniki"]
[Date "1988.??.??"]
[Round "14"]
[White "Ribli, Zoltan"]
[Black "Gulko, Boris F"]
[Result "1/2-1/2"]
[WhiteElo "2630"]
[BlackElo "2590"]

1.c4 e5 2.Nc3 d6 3.g3 f5 4.Bg2 Nf6 5.d3 Be7 6.e3 O-O 7.Nge2 a5 8.O-O Qe8
9.b3 c6 10.Bb2 Na6 11.Qd2 Bd7 12.Rad1 Qh5 13.f4 Rae8 14.d4 Bd8 15.h3 Bc7
16.a3 Bc8 17.Rde1 Re7 18.Bc1 Rfe8 19.Qb2 exd4 20.exd4 Bb6 21.Qd2 Nc7 22.b4 axb4
23.axb4 Ne6 24.c5 dxc5  1/2-1/2

[Event "Clermont Ferrand"]
[Site "Clermont Ferrand"]
[Date "1989.??.??"]
[Round "?"]
[White "Renet, Olivier"]
[Black "Ribli, Zoltan"]
[Result "1/2-1/2"]
[WhiteElo "2515"]
[BlackElo "2605"]

1.e4 c5 2.Nf3 d6 3.d4 cxd4 4.Nxd4 Nf6 5.Nc3 a6 6.Be3 e6 7.Qd2 b5 8.f3 Nbd7
9.g4 h6 10.O-O-O Bb7 11.Bd3 Ne5 12.Rhe1 g5 13.Kb1 Be7 14.h4 Nfd7 15.hxg5 hxg5
16.Rh1 Rg8 17.Qf2 Rc8 18.Rd2 Nc5 19.a3 Nexd3 20.cxd3 Bf6 21.Rdd1 Qa5  1/2-1/2

[Event "Clermont Ferrand"]
[Site "Clermont Ferrand"]
[Date "1989.??.??"]
[Round "?"]
[White "Ribli, Zoltan"]
[Black "Andersson, Ulf"]
[Result "1/2-1/2"]
[WhiteElo "2605"]
[BlackElo "2635"]

1.Nf3 g6 2.g3 Bg7 3.Bg2 c5 4.c3 Nf6 5.d4 cxd4 6.cxd4 O-O 7.Nc3 d5 8.O-O Ne4
9.Nxe4 dxe4 10.Ne5 f6 11.Qb3+ e6 12.Nc4 Nc6 13.e3 f5 14.Bd2 Rb8 15.a4 Bd7
16.Qa3 Re8 17.a5 Bf8 18.Qa2 Qe7 19.Rfc1 Rec8 20.Bf1 Qd8 21.Rab1 Be8 22.b4 Ne7
23.Ne5 Nd5 24.b5 Rxc1 25.Rxc1 Bd6 26.Bc4 Bxe5 27.dxe5 Rc8 28.Qa3 Kf7 29.Kg2 Qe7
30.Qb3 Qd7 31.Bb4 Nxb4 32.Qxb4 Qe7 33.Qb2 Kf8 34.Be2 Rxc1 35.Qxc1 b6 36.axb6 axb6
37.h4 Kf7 38.Qb2 Qc7 39.Qa1 Bd7 40.Bf1 Ke7 41.Qa3+ Kf7 42.Qa1 Ke7 43.Qa8 Qxe5
44.Qg8 Be8 45.Qxh7+ Bf7 46.Be2  1/2-1/2

[Event "Clermont Ferrand"]
[Site "Clermont Ferrand"]
[Date "1989.??.??"]
[Round "?"]
[White "Dolmatov, Sergey"]
[Black "Ribli, Zoltan"]
[Result "1/2-1/2"]
[WhiteElo "2615"]
[BlackElo "2605"]

1.e4 c5 2.Nf3 d6 3.d4 cxd4 4.Nxd4 Nf6 5.Nc3 a6 6.Be2 e6 7.O-O Be7 8.a4 O-O
9.Be3 Qc7 10.a5 Nbd7 11.Nb3 Qb8 12.Qd2 b5 13.axb6 Nxb6 14.Na5 Qc7  1/2-1/2

[Event "Clermont Ferrand"]
[Site "Clermont Ferrand"]
[Date "1989.??.??"]
[Round "?"]
[White "Ribli, Zoltan"]
[Black "Lautier, Joel"]
[Result "1-0"]
[WhiteElo "2605"]
[BlackElo "2465"]

1.Nf3 Nf6 2.d4 g6 3.Bf4 Bg7 4.e3 c5 5.c3 b6 6.Nbd2 O-O 7.h3 Bb7 8.Bh2 d5
9.Be2 Nbd7 10.a4 a6 11.O-O Rc8 12.Qb3 Ne8 13.Rfd1 Nd6 14.Ne5 Nb8 15.Rac1 c4
16.Qa3 Nc6 17.b3 cxb3 18.Qxb3 Na5 19.Qb4 f6 20.Nd3 Ndc4 21.Nf4 Qd7 22.Nxc4 Nxc4
23.Bxc4 Rxc4 24.Qxb6 Rfc8 25.Nd3 Rxc3 26.Rxc3 Rxc3 27.Nc5 Qc8 28.Qb2  1-0

[Event "Clermont Ferrand"]
[Site "Clermont Ferrand"]
[Date "1989.??.??"]
[Round "?"]
[White "Sokolov, Andrei"]
[Black "Ribli, Zoltan"]
[Result "1/2-1/2"]
[WhiteElo "2595"]
[BlackElo "2605"]

1.e4 c5 2.Nf3 d6 3.d4 cxd4 4.Nxd4 Nf6 5.Nc3 a6 6.f4 Qc7 7.Be2 e6 8.O-O Be7
9.Kh1 O-O 10.Qe1 b5 11.Bf3 Bb7 12.e5 Ne8  1/2-1/2

[Event "Reggio Emilia8990"]
[Site "Reggio Emilia"]
[Date "1989.??.??"]
[Round "1"]
[White "Ribli, Zoltan"]
[Black "Ivanchuk, Vassily"]
[Result "1/2-1/2"]
[WhiteElo "2625"]
[BlackElo "2635"]

1.Nf3 Nf6 2.c4 g6 3.g3 c6 4.Bg2 Bg7 5.O-O O-O 6.d4 d5 7.cxd5 cxd5 8.Nc3 e6
9.b3 Nc6 10.Ba3 Re8 11.Rc1 Bd7 12.e3 Qa5 13.Bb2 Rec8 14.Qd2 Be8 15.Rfd1 Bf8
16.Ne1 Qd8 17.Nd3 Ne7 18.Ba3 Nf5 19.Bxf8 Kxf8 20.Ne5 Qa5 21.Qb2 Nd6 22.a4 Kg7
23.h3 Rab8 24.Bf1  1/2-1/2

[Event "Reggio Emilia8990"]
[Site "Reggio Emilia"]
[Date "1989.??.??"]
[Round "2"]
[White "Andersson, Ulf"]
[Black "Ribli, Zoltan"]
[Result "1/2-1/2"]
[WhiteElo "2620"]
[BlackElo "2625"]

1.d4 Nf6 2.Nf3 e6 3.c4 b6 4.a3 Bb7 5.Nc3 d5 6.Bg5 Be7 7.e3 Nbd7 8.cxd5 exd5
9.Be2 O-O 10.O-O c5 11.Qc2 Ne4 12.Bxe7 Qxe7 13.dxc5 Nxc3 14.Qxc3 bxc5 15.Rfe1 Rfd8
16.b4 Rac8 17.bxc5 Qxc5 18.Qb4 Nb6 19.h3 Ba8 20.Nd4 Nc4 21.Qxc5 Rxc5 22.Rec1 Bb7
23.Rc3 Ba6 24.Rb1 g6 25.Rb4 Kg7 26.a4 Rdc8 27.g4 R5c7 28.Nb5 Rb7 29.e4 Bxb5
30.axb5 Nb6 31.Rxc8 Nxc8 32.exd5 Nb6 33.d6 Rd7 34.Rd4 Nc8 35.f4 Nxd6 36.Bf3 Kf8
37.Bc6 Rd8 38.Rd3 Ke7 39.Re3+ Kf8 40.Rd3 Ke7 41.Re3+ Kf8 42.Rd3  1/2-1/2

[Event "Reggio Emilia8990"]
[Site "Reggio Emilia"]
[Date "1989.??.??"]
[Round "3"]
[White "Ribli, Zoltan"]
[Black "Georgiev, Kiril"]
[Result "1-0"]
[WhiteElo "2625"]
[BlackElo "2590"]

1.c4 e5 2.Nc3 Nf6 3.Nf3 Nc6 4.d3 d5 5.cxd5 Nxd5 6.e3 Be7 7.Be2 Be6 8.O-O O-O
9.Qc2 Qd7 10.Rd1 f5 11.a3 a5 12.Rb1 Bf6 13.Ne4 fxe4 14.dxe4 Ndb4 15.axb4 Nxb4
16.Rxd7 Nxc2 17.Rxc7 Rfc8 18.Rxc8+ Rxc8 19.Bd2 Nb4 20.Rc1 Rxc1+ 21.Bxc1 Kf7
22.Bd2 Ke7 23.Bxb4+ axb4 24.Nd2 Kd6 25.Bc4 Bd7 26.Bd5 b5 27.f3 g5 28.g4 Be8
29.Nb3 h5 30.h3 hxg4 31.hxg4 Be7 32.Nc1 Kc7 33.Nd3 Bd6 34.f4 exf4 35.exf4 gxf4
36.e5 Be7 37.Kg2 Kb6 38.Kf3 Bg5 39.Be4 Bf7 40.Nxf4 Kc5 41.e6 Be8 42.Nh3 Bf6
43.b3 Kd6 44.g5 Be5 45.Nf4 Bxf4 46.Kxf4 Kxe6 47.Bf5+ Ke7 48.g6 Kf6 49.Ke4 Kg7
50.Ke5 Kh6 51.Kd6 Kg7 52.Bc2 Kf8 53.Kc5 Bd7 54.Kxb4 Kg7 55.Bd3 Be6 56.Kc3 Kf6
57.b4 Bd7 58.Kd4 Bc6 59.Kc5 Be8 60.Kd6 Kg7 61.Bc2 Kf8 62.Be4 Kg7 63.Ke7  1-0

[Event "Reggio Emilia8990"]
[Site "Reggio Emilia"]
[Date "1989.??.??"]
[Round "5"]
[White "Ribli, Zoltan"]
[Black "Beliavsky, Alexander G"]
[Result "1/2-1/2"]
[WhiteElo "2625"]
[BlackElo "2640"]

1.d4 Nf6 2.c4 e6 3.Nf3 d5 4.Nc3 Be7 5.Bg5 h6 6.Bh4 O-O 7.e3 b6 8.Bd3 Bb7
9.Bxf6 Bxf6 10.cxd5 exd5 11.O-O c5 12.Rc1 Nc6 13.dxc5 d4 14.exd4 Nxd4 15.Be4 Bxe4
16.Nxe4 Nxf3+ 17.Qxf3  1/2-1/2

[Event "Reggio Emilia8990"]
[Site "Reggio Emilia"]
[Date "1989.??.??"]
[Round "6"]
[White "Ehlvest, Jaan"]
[Black "Ribli, Zoltan"]
[Result "1/2-1/2"]
[WhiteElo "2600"]
[BlackElo "2625"]

1.d4 Nf6 2.c4 e6 3.Nc3 Bb4 4.e3 O-O 5.Bd3 c5 6.a3 Bxc3+ 7.bxc3 Nc6 8.Nf3 d6
9.e4 e5 10.d5 Ne7 11.h3 Bd7 12.a4 Ne8 13.Qc2 Rb8 14.g3 b6 15.Nh4 a6 16.Kf1 g6
17.Bh6 Ng7 18.Kg2 f5  1/2-1/2

[Event "Reggio Emilia8990"]
[Site "Reggio Emilia"]
[Date "1989.??.??"]
[Round "7"]
[White "Ribli, Zoltan"]
[Black "Portisch, Lajos"]
[Result "1/2-1/2"]
[WhiteElo "2625"]
[BlackElo "2610"]

1.d4 Nf6 2.c4 e6 3.Nf3 b6 4.g3 Bb7 5.Bg2 Be7 6.O-O O-O 7.Nc3 Ne4 8.Nxe4 Bxe4
9.Nh4 Bxg2 10.Nxg2 d5 11.Qa4 dxc4 12.Qxc4 c5 13.dxc5 Bxc5 14.Be3 Nd7 15.Rfd1  1/2-1/2

[Event "Reggio Emilia8990"]
[Site "Reggio Emilia"]
[Date "1989.??.??"]
[Round "11"]
[White "Petursson, Margeir"]
[Black "Ribli, Zoltan"]
[Result "1/2-1/2"]
[WhiteElo "2530"]
[BlackElo "2625"]

1.d4 d5 2.c4 dxc4 3.Nf3 Nf6 4.Nc3 e6 5.e4 Bb4 6.Bg5 c5 7.Bxc4 cxd4 8.Nxd4 Bxc3+
9.bxc3 Qa5 10.Bb5+ Bd7 11.Bxf6 gxf6 12.Qb3 a6 13.Be2 Nc6 14.O-O Qc7 15.Rfd1 O-O
16.Nc2 Rfd8 17.Rab1 b5 18.c4 Ne5 19.Qg3+ Kf8 20.Ne3 Rac8 21.cxb5 Bxb5 22.Rxd8+ Qxd8
23.Bxb5 axb5 24.h3 Qd3 25.Rb4 Rc1+ 26.Kh2 Rb1 27.Rxb1 Qxb1  1/2-1/2

[Event "Munich"]
[Site "Munich"]
[Date "1990.??.??"]
[Round "?"]
[White "Ribli, Zoltan"]
[Black "Gulko, Boris F"]
[Result "1/2-1/2"]
[WhiteElo "2605"]
[BlackElo "2610"]

1.Nf3 Nf6 2.d4 g6 3.c4 Bg7 4.g3 O-O 5.Bg2 d6 6.O-O c6 7.b3 a6 8.Bb2 b5 9.Nbd2 Nbd7
10.Qc2 Re8 11.Rfd1 Bb7 12.Rac1 Qc7 13.a4 bxa4 14.bxa4 c5 15.d5 e5 16.e4 Reb8
17.Bc3 a5 18.Rb1 Ba6 19.Bf1 Rb4 20.Bxb4 axb4 21.Nb3 Re8 22.a5 Bh6 23.Ra1 Nh5
24.Nbd2 Rf8 25.Bh3 Nb8 26.Nf1 Ng7 27.Ne3 Bxe3 28.fxe3 Qe7 29.Rf1 Ne8 30.Rf2 Kg7
31.Raf1 Nc7 32.Bg4 Nd7 33.h4 h6 34.h5 g5 35.Nd2 Ne8 36.Qa4 Ndf6 37.Bd1 Bc8
38.Kg2 Bd7 39.Qa1 Ng4 40.Rf3 Nef6 41.Ba4  1/2-1/2

[Event "Munich"]
[Site "Munich"]
[Date "1990.??.??"]
[Round "?"]
[White "Bischoff, Klaus"]
[Black "Ribli, Zoltan"]
[Result "1/2-1/2"]
[WhiteElo "2505"]
[BlackElo "2605"]

1.Nf3 Nf6 2.c4 e6 3.g3 d5 4.Bg2 dxc4 5.Qa4+ Nbd7 6.O-O a6 7.Qxc4 b5 8.Qc2 Bb7
9.b3 Be7 10.Bb2 c5 11.d3 O-O 12.Nbd2 Rc8 13.Rac1 Rc7 14.Qb1 Qa8 15.Qa1 Rfc8  1/2-1/2

[Event "Munich"]
[Site "Munich"]
[Date "1990.??.??"]
[Round "?"]
[White "Beliavsky, Alexander G"]
[Black "Ribli, Zoltan"]
[Result "1/2-1/2"]
[WhiteElo "2640"]
[BlackElo "2605"]

1.d4 Nf6 2.c4 e6 3.Nf3 b6 4.g3 Ba6 5.b3 Bb4+ 6.Bd2 Be7 7.Bg2 c6 8.Bc3 d5
9.Nbd2 Nbd7 10.O-O O-O 11.Re1 c5 12.e4 dxe4 13.Nxe4 Bb7 14.Nxf6+ Bxf6 15.Rc1 cxd4
16.Nxd4 Bxg2 17.Kxg2 a6 18.Qf3 Rc8 19.Red1 Qc7 20.Ne2 Rfd8  1/2-1/2

[Event "Novi Sad ol (Men)"]
[Site "Novi Sad"]
[Date "1990.??.??"]
[Round "1"]
[White "Lautier, Joel"]
[Black "Ribli, Zoltan"]
[Result "1/2-1/2"]
[WhiteElo "2570"]
[BlackElo "2610"]

1.d4 d5 2.c4 c6 3.Nc3 Nf6 4.cxd5 cxd5 5.Bf4 Nc6 6.e3 a6 7.Bd3 Bg4 8.f3 Bd7
9.Nge2 e6 10.Bg3 Be7 11.O-O O-O 12.Qd2 b5 13.b3 Qb6 14.Kh1 g6 15.Rac1 Rac8
16.Bb1 Ba3 17.Rcd1 Nh5 18.Bf2 f5 19.e4 fxe4 20.fxe4 Ne7 21.Bh4 dxe4 22.Bxe4 Bc6
23.d5 exd5 24.Nxd5 Nxd5 25.Bxd5+ Bxd5 26.Qxd5+ Kh8 27.Qe5+ Kg8 28.Qd5+ Kh8
29.Qe5+ Kg8 30.Qd5+ Kh8  1/2-1/2

[Event "Novi Sad ol (Men)"]
[Site "Novi Sad"]
[Date "1990.??.??"]
[Round "4"]
[White "Soppe, Guillermo"]
[Black "Ribli, Zoltan"]
[Result "1/2-1/2"]
[WhiteElo "2390"]
[BlackElo "2610"]

1.d4 Nf6 2.c4 e6 3.Nc3 Bb4 4.Qb3 c5 5.dxc5 Nc6 6.Nf3 O-O 7.Bg5 h6 8.Bh4 Bxc5
9.e3 b6 10.Be2 Bb7 11.O-O Be7 12.Rfd1 Rc8 13.Qa4 d6 14.Rac1 Rc7 15.Rc2 Rd7
16.Rcd2 a6 17.h3 Qc7 18.b4 Nb8 19.Qb3 Rc8 20.Bg3 b5  1/2-1/2

[Event "Novi Sad ol (Men)"]
[Site "Novi Sad"]
[Date "1990.??.??"]
[Round "7"]
[White "Georgiev, Kiril"]
[Black "Ribli, Zoltan"]
[Result "1-0"]
[WhiteElo "2580"]
[BlackElo "2610"]

1.d4 Nf6 2.c4 e6 3.Nc3 Bb4 4.e3 O-O 5.Bd3 c5 6.Nf3 d5 7.O-O dxc4 8.Bxc4 Nbd7
9.Qb3 a6 10.a4 Qe7 11.Rd1 Rd8 12.Bd2 Nb6 13.Be2 cxd4 14.exd4 h6 15.a5 Nbd5
16.Ne5 Bd7 17.Bf3 Bd6 18.Nxd5 exd5 19.Nxd7 Qxd7 20.Rac1 Rac8 21.g3 Ne4 22.Be3 Qb5
23.Qxb5 axb5 24.Be2 Bb4 25.Bxb5 Bxa5 26.Bd3 Bb6 27.h4 Nd6 28.b3 Ra8 29.Ra1 Rdc8
30.Kf1 Kf8 31.Ke2 Ke7 32.Ra4 Rxa4 33.bxa4 Ra8 34.Rb1 Bc7 35.Bc2 Rd8 36.g4 Ke6
37.Rc1 Bb6 38.Rb1 Ba5 39.Bf4 Rc8 40.Bd3 b6 41.Rc1 Rxc1 42.Bxc1 Bc3 43.Be3 Nc4
44.Bxc4 dxc4 45.d5+ Kxd5 46.Bxb6 Bd4 47.Bd8 c3 48.Kd3 Bxf2 49.Kxc3 Ke4 50.Kc4 Be1
51.Be7 Ke5 52.Bb4 Bxb4 53.Kxb4 h5 54.gxh5 Kd6 55.Kc4 Kc6 56.Kd4 Kb6 57.Ke5  1-0